Statistics for Crowd-Sourced General Knowledge #7

Click here to take the quiz!

General Stats

  • This quiz has been taken 17,830 times
    (9,852 since last reset)
  • The average score is 13 of 20

Answer Stats

Question Answer % Correct
What does one say in a theater instead of "good luck"?Break a leg
88%
Who was Romulus's brother?Remus
84%
In what country was the god Osiris worshipped?Egypt
82%
What character is the villain in "The Lion King"? Scar
82%
Whose motto was "one for all, all for one"?Three Musketeers
76%
What African city's name means "White House" in Spanish?Casablanca
74%
What is the only national capital in Europe that starts with the letter K?Kiev
72%
What well-known brand is named after the Greek goddess of victory?Nike
71%
What country's two main islands are separated by the Cook Strait?New Zealand
70%
What does the I in ROYGBIV stand for?Indigo
69%
What Spanish cocktail is translated as "strained pineapple" in EnglishPina colada
68%
Who won 7 Mr. Olympia titles between 1970 and 1980?Arnold Schwarzenegger
67%
What composer wrote the music to "Ode to Joy" - the unofficial
national anthem of the EU?
Ludwig van Beethoven
66%
Name one of the two Kangaroo characters from Winnie the PoohKanga or Roo
63%
What actress has starred in both "E.T." and "Charlie's Angels"?Drew Barrymore
57%
If you serve the army as First Lieutenant and get promoted, what will your rank be?Captain
53%
What group is also known as "La Cosa Nostra"?Sicilian Mafia
52%
Who is the main character in the Legend of Zelda?Link
50%
What brand of jets are assembled in Toulouse, France?Airbus
45%
What is another name for the French Open tennis tournament?Roland Garros
41%

Score Distribution

Percentile by Number Answered

Percent of People with Each Score

Your Score History

You have not taken this quiz since the last reset